Normal view
MARC view
- Edzel James A. Elpedez
Entry Personal Name
001 - CONTROL NUMBER
- control field: 3849
003 - CONTROL NUMBER IDENTIFIER
- control field: URS
005 - DATE AND TIME OF LATEST TRANSACTION
- control field: 20230222093908.0
008 - FIXED-LENGTH DATA ELEMENTS
- fixed length control field: 230222|| aca||aabn | a|a d
040 ## - CATALOGING SOURCE
- Original cataloging agency: URS
100 ## - HEADING--PERSONAL NAME
- Personal name: Edzel James A. Elpedez
- Relator term: Author


































